|
|
|
|
| LEADER |
01249nam a2200277 4500 |
| 001 |
DLU090070357 |
| 005 |
##20090525 |
| 040 |
# |
# |
|a DLU
|b eng
|
| 041 |
# |
# |
|a eng
|
| 044 |
# |
# |
|a UK
|
| 100 |
# |
# |
|a Berenger, Ralph D.
|
| 245 |
# |
# |
|a Book review : Simon Cottle : Mediatized Conflict Berkshire, Lisa Finnegan : No Questions Asked : News Coverage Since 9/11 Westport, Jim A. Kuypers : Bush's War : Media Biases and Justifications for War in a Terrorist Age Lanham, Justin Lewis, Rod Brookes, Nick Mosdell and Terry Threadgold : Shoot First and Ask Questions Later : Media Coverage of the 2003 Iraq War New York : Peter Lang. Howard Tumber and Frank Webster : Journalists Under Fire : Information War and Journalistic Practices London /
|c Ralph D. Berenger.
|
| 653 |
# |
# |
|a Media
|
| 653 |
# |
# |
|a News reporting
|
| 653 |
# |
# |
|a Peace journalism
|
| 653 |
# |
# |
|a War journalism
|
| 773 |
# |
# |
|t Journalism : Theory, Practice, and Criticism
|g Vol. 8, no. 4 (August 2007), p. 474-481
|
| 920 |
# |
# |
|a Phòng Tạp chí -- Trung tâm Thông tin - Thư viện Trường Đại học Đà Lạt
|
| 994 |
# |
# |
|a DLU
|
| 900 |
# |
# |
|a True
|
| 911 |
# |
# |
|a Trương Bảo Trâm Anh
|
| 925 |
# |
# |
|a G
|
| 926 |
# |
# |
|a A
|
| 927 |
# |
# |
|a BB
|
| 980 |
# |
# |
|a Thư viện Trường Đại học Đà Lạt
|